000 00867nam a2200205Ii 4500
003 JO-AjNU
008 230605s9999||||xx |||||||||||||| ||und||
020 _a978-0-815-35413-0
040 _aJO-AjNU
_bara
_erda
_cJO-AjNU
041 _aara
050 1 4 _aLC3986.G7.B75 2017
100 3 _aبريجز،سو ,
_eauthor
_961262
245 0 0 _aتلبية الاحتياجات التعلمية الخاصة في الفصول الدراسية للمرحلة الثانوية الدمج وكيفية القيام به=Meeting Special Educational Needs in Secondary Classrooms inclusion and how to do it
264 3 1 _aNEW YORK:Routldge,2017
300 _a239ص
336 _atext
_btxt
_2rdacontent
337 _aunmediated
_bn
_2rdamedia
338 _avolume
_bnc
_2rdacarrier
650 4 _aالدمج- الفصول الدراسية- المرحلة الثانويه
_961263
999 _aA27678
_c31246
_d31246